000 00387nam a2200169Ia 4500
008 180424s9999 xx 000 0 und d
084 _aT21 R21:2
100 _a"Ragunathan, "
245 0 _aBharathiyum Shelliyum
250 _a\\196400TAMGPCX
260 _aNCBH
260 _b1964
260 _cMadras
300 _a296p
500 _aincludes index and biblioraphy
942 _cBK
999 _c59554
_d59554